000 01542cam a22004337a 4500
001 000089357
003 CHAP
005 20230531062626.0
008 020531d20012001mx d r 00110 spa d
010 _a85826
011 _a86798
020 _a968884764X
035 _a97338
040 _cCHAP
090 _aFolleto 16420
100 0 0 _aFlores Valdez, Claudio Armando.
_941768
245 1 3 _aProducción, industrialización y comercialización de nopalitos /
_cpor Claudio A. Flores Valdez.
260 _aChapingo, Méx. :
_bUACH. Centro de Investigaciones Económicas, Sociales y Tecnológicas de la Agroindustria y la Agricultura Mundial,
_c2001.
300 _a27 p. :
_bcuadros ; diagrama.
410 2 1 _aUACH. CIESTAAM
490 1 _aReporte de investigación
_v; 58
590 _aBATCH-UPD
_b10
_c20130110
_lUCH01
_h0019
590 _aBATCH-UPD
_b10
_c20130110
_lUCH01
_h1730
590 _aBATCH-UPD
_b10
_c20130410
_lUCH01
_h1111
590 _aBATCH-UPD
_b10
_c20130914
_lUCH01
_h1420
590 _aCONVERSION
_b10
_c20130109
_lUCH01
_h1348
590 _aE5995AHE
_b05
_c20150213
_lUCH01
_h1431
650 1 4 _aNopal
_xComercialización.
_981656
650 1 4 _aNopal
_xIndustria.
_981676
650 1 4 _aNopal
_xProducción.
_981692
810 0 1 _aUACh. CIESTAAM
_9115844
830 0 _aReporte de investigación
_v; 58
_996000
901 _aBK
905 _aMarco A. Mendoza T.
942 _cFOLL
942 _n0
949 _aFolleto 16420
_bBC
_cFOLL
_d973381
_eTS1
_i97338
_sb
949 _aFolleto 16420
_bBC
_cUACH
_d973382
_eUACH
_fc.2
_i97338
_sb
999 _c85826
_d85826